| 000 | 01218cam a22003254a 4500 | ||
|---|---|---|---|
| 001 | 12512919 | ||
| 005 | 20040701113105.0 | ||
| 008 | 010824s2002 pau b 000 0 eng | ||
| 010 | _a 2001053179 | ||
| 020 | _a1566399408 | ||
| 020 | _a9781566399401 | ||
| 040 |
_aDLC _cDLC _dDLC |
||
| 041 | 1 |
_aeng _hger |
|
| 042 | _apcc | ||
| 050 | 0 | 0 |
_aB3305.M74 _bM37713 2002 |
| 082 | 0 | 0 |
_a335.4092 _222 _bMAR |
| 100 | 1 |
_aMarx, Karl, _d1818-1883. _925502 |
|
| 240 | 1 | 0 |
_aSelections. _lEnglish. _f2002 |
| 245 | 1 | 0 |
_aMarx on Religion / _cEdited by John Raines. |
| 260 |
_aPhiladelphia : _bTemple University Press, 2002 _c2002. |
||
| 300 |
_avii, 242 p. ; _c24 cm. |
||
| 504 | _aIncludes bibliographical references. | ||
| 600 | 1 | 0 |
_aMarx, Karl, _d1818-1883 _xReligion. _925503 |
| 650 | 0 |
_aReligion _vControversial literature. _925504 |
|
| 653 |
_bPol _cJune2011 |
||
| 700 | 1 |
_aRaines, John C. _eedt _925505 |
|
| 942 |
_2ddc _cBB |
||
| 999 |
_c15627 _d15627 |
||